| 000 | 01879cam a2200493 i 4500 | ||
|---|---|---|---|
| 001 | icecreamconnecti00pome | ||
| 003 | CaSfIA | ||
| 005 | 20210118102002.0 | ||
| 007 | cr|||| | ||
| 008 | 750617s1975 nyua b 000 0 eng | ||
| 010 | _a 75011170 | ||
| 040 |
_aDLC _cDLC _dOCLCG _dAU@ _dUKV3G _dUKM _dCaSfIA |
||
| 015 | _aB7601149 | ||
| 019 |
_a16297830 _a59993999 |
||
| 020 |
_a084670062X : _c$7.95 |
||
| 020 | _a9780846700623 | ||
| 035 |
_a(OCoLC)1527470 _z(OCoLC)16297830 _z(OCoLC)59993999 |
||
| 050 | 0 |
_aTX795 _b.P65 |
|
| 082 | 0 | 0 |
_a641.3/7/4 _218 |
| 100 | 1 |
_aPomeroy, Ralph, _d1926- |
|
| 245 | 1 | 4 |
_aThe ice cream connection : _h[electronic resource] _ball you'd love to know about ice cream / _cRalph Pomeroy. |
| 260 |
_aNew York : _bPaddington Press, _cc1975. |
||
| 300 |
_a287 p. : _bill. ; _c28 cm. |
||
| 504 | _aBibliography: p. 287. | ||
| 650 | 0 | _aIce cream, ices, etc. | |
| 653 | _aIce cream, to 1975 | ||
| 856 | 4 | 1 |
_uhttp://www.archive.org/details/icecreamconnecti00pome _zFree eBook from the Internet Archive |
| 856 | 4 | 2 |
_uhttp://www.openlibrary.org/books/OL5190722M _zAdditional information and access via Open Library |
| 029 | 1 |
_aNZ1 _b4107319 |
|
| 029 | 1 |
_aAU@ _b000000386493 |
|
| 029 | 1 |
_aAU@ _b000027521644 |
|
| 029 | 1 |
_aUKM _bb7601149 |
|
| 029 | 1 |
_aNLGGC _b760082804 |
|
| 029 | 1 |
_aUNITY _b066282403 |
|
| 029 | 1 |
_aBIRCL _b084670062x |
|
| 029 | 1 |
_aUKBCC _b084670062x |
|
| 029 | 1 |
_aUKHRW _b084670062x |
|
| 029 | 1 |
_aUKHSF _b084670062x |
|
| 029 | 1 |
_aGLOCC _b084670062x |
|
| 029 | 1 |
_aHAF _b084670062x |
|
| 942 | _cEB | ||
| 506 | _fНеобхідна авторизація на https://archive.org/ (створення облікового запису безкоштовно) | ||
| 506 | _fНеобхідна авторизація на https://openlibrary.org/ (створення облікового запису безкоштовно) | ||
| 999 |
_c509929 _d509929 |
||